Vấn đề con người và chủ nghĩa "Lý luận không có con người"

Những quan điểm triết học về cá nhân, xã hội, con người, lịch sử của chủ nghĩa Mác-Lênin; Tính chất phản tự nhiên, sự bế tắc trong những luận điểm triết học về chủ nghĩa "Lý luận không có con người" của giai cấp tư sản, triế...

Πλήρης περιγραφή

Αποθηκεύτηκε σε:
Λεπτομέρειες βιβλιογραφικής εγγραφής
Κύριος συγγραφέας: Trần, Đức Thảo
Μορφή: Βιβλίο
Γλώσσα:Undetermined
Έκδοση: Thành phố Hồ Chí Minh Nhà xuất bản Thành phố Hồ Chí Minh 2000
Θέματα:
Ετικέτες: Προσθήκη ετικέτας
Δεν υπάρχουν, Καταχωρήστε ετικέτα πρώτοι!
Thư viện lưu trữ: Trung tâm Học liệu Trường Đại học Cần Thơ
LEADER 01128nam a2200229Ia 4500
001 CTU_43680
008 210402s9999 xx 000 0 und d
020 |c 35000 
082 |a 146.3 
082 |b Th108 
100 |a Trần, Đức Thảo 
245 0 |a Vấn đề con người và chủ nghĩa "Lý luận không có con người" 
245 0 |c Trần Đức Thảo 
260 |a Thành phố Hồ Chí Minh 
260 |b Nhà xuất bản Thành phố Hồ Chí Minh 
260 |c 2000 
520 |a Những quan điểm triết học về cá nhân, xã hội, con người, lịch sử của chủ nghĩa Mác-Lênin; Tính chất phản tự nhiên, sự bế tắc trong những luận điểm triết học về chủ nghĩa "Lý luận không có con người" của giai cấp tư sản, triết học phi Mác xit. 
526 |a Chủ nghĩa nhân văn và văn học Việt Nam 
526 |b XH605 
650 |a Materialism 
904 |i Minh 
980 |a Trung tâm Học liệu Trường Đại học Cần Thơ